Factores facilitadores del aprendizaje
সংরক্ষণ করুন:
| প্রধান লেখক: | , , |
|---|---|
| বিন্যাস: | গ্রন্থ |
| ভাষা: | স্প্যানিশ |
| প্রকাশিত: |
Santiago
Pontificia Universidad Católica de Chile
1982
|
| মালা: | Programa de pedagogía universitaria
|
| বিষয়গুলি: | |
| ট্যাগগুলো: |
ট্যাগ যুক্ত করুন
কোনো ট্যাগ নেই, প্রথমজন হিসাবে ট্যাগ করুন!
|
MARC
| LEADER | 00000nam a2200000 a 4500 | ||
|---|---|---|---|
| 001 | UCY6348 | ||
| 003 | CL-VaPUC | ||
| 008 | 950526e19820000CL |||||||||||||||||spa|d | ||
| 082 | 0 | 4 | |a 153.15 |b BOL |2 21 |
| 100 | 0 | |a Bolton M, Doreen |e author |9 336229 | |
| 700 | 0 | |a Pizarro M, Patricio |e author |9 336230 | |
| 700 | 0 | |a Romo V., Omar |e author |9 336231 | |
| 245 | 1 | 0 | |a Factores facilitadores del aprendizaje |
| 300 | |a 31 h | ||
| 942 | |c BK | ||
| 945 | |d 19950526 00:00:00 |a mfernand | ||
| 260 | |a Santiago |b Pontificia Universidad Católica de Chile |c 1982 | ||
| 650 | 0 | |a Percepción |9 266750 | |
| 650 | 0 | |a Atención |9 312027 | |
| 650 | 0 | |a Memoria |9 266549 | |
| 650 | 0 | |a Inteligencia |9 267038 | |
| 650 | 0 | |a Motivación |9 315362 | |
| 650 | 0 | |a Aprendizaje |9 254827 | |
| 583 | |a last modification |c 19950526 00:00:00 |k Rodrigo Vera | ||
| 490 | 0 | |a Programa de pedagogía universitaria | |
| 999 | |c 233915 |d 233913 | ||
| 952 | |0 0 |1 0 |4 0 |6 153_150000000000000_BOL_1982 |7 0 |8 P |9 239737 |a BIBEDU |b BIBEDU |c BIBEDU_PB |d 2019-11-18 |i 150892K |o 153.15 BOL 1982 |p 150892K |r 2024-01-25 |w 2019-11-18 |y BK |k EDU | ||
| 952 | |0 0 |1 0 |4 0 |6 153_150000000000000_BOL_1982 |7 0 |8 P |9 239738 |a BIBEDU |b BIBEDU |c BIBEDU_PB |d 2019-11-18 |i 4031539 |o 153.15 BOL 1982 |p 4031539 |r 2019-11-18 |w 2019-11-18 |y BK |k BME | ||